00418 2200145 4500001002100000008004100021035002000062245006600082100002600148260002700174300001700201082001000218650003100228990001300259INLIS000000000000293 ind  a0010-0423000293 aDONGENG PENGANTAR TIDUR LEGENDA JAKA TARUB DAN TUJUH BIDADARI aYUDHISTIRA IKRANEGARA aSURABAYAbCV DUA MEDIA a32 hlm.ccm. a398.5 aBUKU-BUKU DONGENG , BALADA a102735-1